00609nam a2200169 a 4500008004100000050001900041100002200060245002900082260002800111300001500139350000900154650001700163650001200180995009500192999001700287952013500304120416s1978 ||||||||||||||||| || u aHF 5686.C8 Ben aBentley, Trevor J10aMaking cost control work aLondonbMacmillanc1978 avii, 152p. a0.00 aCOST CONTROL aCOSTING D0.00FCBU-MAIN LIBRARY (Kitwe)H1I0.00M1UAVAILABLEZMain Library Open Access Collection c49720d49720 00102lcc4070a001b001cMain Library Open Access Collectiond2022-11-30l0oHF 5686.C8 Benp006517r2022-11-30w2022-11-30y002